Formación transversal y competencias genéricas en universidades: clave para una renovación curricular con compromiso social
Saved in:
| Main Authors: | , , |
|---|---|
| Format: | Bog |
| Sprog: | spansk |
| Udgivet: |
Santiago
Universidad Católica Silva Henríquez
2017
|
| Udgivelse: | 1a. ed |
| Fag: | |
| Tags: |
Tilføj Tag
Ingen Tags, Vær først til at tagge denne postø!
|
MARC
| LEADER | 00000cam a2200000 a 4500 | ||
|---|---|---|---|
| 001 | UCC1188 | ||
| 003 | CL-VaPUC | ||
| 008 | 171006e20170000cl |||||||||||||||||spa|d | ||
| 020 | |a 9789563410594 | ||
| 082 | 0 | 4 | |a 371.102 |b BRI |2 21 |
| 100 | 0 | |a Brito Rodríguez, Sonia |e author |9 595231 | |
| 700 | 0 | |a Reyes Ochoa, Luis |e author |9 595232 | |
| 700 | 0 | |a Basualto Porra, Lorena |e author |9 595233 | |
| 245 | 1 | 0 | |a Formación transversal y competencias genéricas en universidades: clave para una renovación curricular con compromiso social |
| 250 | |a 1a. ed | ||
| 300 | |a 220 p | ||
| 942 | |c BK | ||
| 945 | |d 20171006 11:09:00 |a dcastane | ||
| 260 | |a Santiago |b Universidad Católica Silva Henríquez |c 2017 | ||
| 650 | 0 | |a Formación profesional de profesores |9 307493 | |
| 650 | 0 | |a Profesores |9 308968 | |
| 650 | 0 | |a Innovaciones pedagógicas |9 307471 | |
| 650 | 7 | |a CAPACITACION DOCENTES |2 CL-VaPUC |9 544548 | |
| 583 | |a last modification |c 20171006 11:09:00 |k Rodrigo Vera | ||
| 999 | |c 369758 |d 369756 | ||
| 952 | |0 0 |1 0 |3 erb |4 0 |6 371_102000000000000_BRI_2017 |7 0 |8 A |9 485842 |a BIBTEO |b BIBTEO |i 5428955 |o 371.102 BRI 2017 |p 5428955 |r 2025-01-17 |w 2019-11-24 |y BK |z Catalogado en:20171006 |k ICR | ||